[Event "ch-TUR 2013"]
[Site "Antalya TUR"]
[Date "2013.02.03"]
[Round "3.22"]
[White "Patel,Y"]
[Black "Dogan,A"]
[Result "0-1"]
[WhiteElo "1896"]
[BlackElo "2166"]

1.e4 e6 2.d4 d5 3.Nd2 Be7 4.Bd3 c5 5.dxc5 Nf6 6.exd5 Qxd5 7.Qf3 Nbd7 8.Qxd5 Nxd5
9.c6 Ne5 10.Be4 Nxc6 11.c4 Nf6 12.Bf3 Nb4 13.Bd1 O-O 14.a3 Nd3+ 15.Ke2 Rd8
16.Bc2 Nf4+ 17.Kf1 b6 18.Ngf3 Bb7 19.Ne1 Rac8 20.b3 Ng6 21.Ndf3 Ne4 22.Be3 Bc5
23.h4 Bxe3 24.fxe3 Ng3+ 25.Kg1 Nxh1 26.Kxh1 Ne7 27.Nd4 e5 28.Nf5 Nxf5 29.Bxf5 Rc7
30.Nf3 g6 31.Bc2 Bxf3 32.gxf3 b5 33.Be4 bxc4 34.bxc4 Rxc4 35.Rb1 Rd2 36.h5 Kg7
37.hxg6 hxg6 38.Bb7 Rc3 39.a4 Rxe3 40.a5 Ra3 41.a6 Kh6 42.Rg1 f5 43.Re1 Raa2
44.Kg1 Kg5 45.Kf1 Kf4 46.Kg1 Rg2+ 47.Kh1 Rh2+ 48.Kg1 Rag2+  0-1

[Event "TCh-BEL 2012-13"]
[Site "Belgium BEL"]
[Date "2013.02.03"]
[Round "8.3"]
[White "Rooze,J"]
[Black "Meessen,R"]
[Result "1-0"]
[WhiteElo "2286"]
[BlackElo "2276"]

1.e4 e6 2.d4 d5 3.Nd2 Nc6 4.Ngf3 Nf6 5.e5 Nd7 6.c3 f6 7.Bb5 fxe5 8.dxe5 Be7
9.Nd4 Ndxe5 10.f4 a6 11.Qh5+ Kd7 12.Bxc6+ Nxc6 13.N2f3 Bf6 14.Be3 Qe8 15.Qh3 b6
16.O-O Nxd4 17.cxd4 Kc6 18.f5 exf5 19.Rac1+ Kb7 20.Bf4 c6 21.Rfe1 Be6 22.Ne5 Rc8
23.Qb3 g5 24.Bd2 Ka7 25.a4 Rg8 26.a5 b5 27.Qc3 c5 28.dxc5 Bxe5 29.Rxe5 Rc6
30.Rce1 Qd7 31.Qd4 Rg6 32.Bxg5 Qg7 33.Qf2 Kb7 34.Bf4 Qf8 35.b4 Qg8 36.R5e2 Rg4
37.h3 Rg6 38.Qd4 Qf7 39.Kh1 Qg8 40.Qe5 Qd8 41.Rd2 Qg8 42.Re3 Qd8 43.Red3 Qc8
44.Kg1 Ka8 45.Kh2 Qg8 46.g3 Qc8 47.Qe2 Qg8 48.Re3 Qc8 49.Rd4 Qd7 50.Re5 Qc8
51.Qd3 Rg8 52.Qe2 Qd7 53.Qf3 Ka7 54.Re3 Qf7 55.Bd6 Re8 56.Qf4 Rcc8 57.Rd2 Bd7
58.Be5 Bc6 59.Qd4 Re6 60.Rde2 Rce8 61.Kg1 Kb7 62.Kf2 Qh5 63.Ke1 Kc8 64.h4 Qg6
65.Kd2 Qg4 66.Qxg4 fxg4 67.Kc3 Rf8 68.Bf4 Re4 69.Rxe4 dxe4 70.Kd2 Rf7 71.Ke3 Re7
72.Rd2 Rf7 73.Rd6 Kb7 74.Rd8 Rf5 75.Rb8+ Ka7 76.Rc8 Bd5 77.Kd4 Bc4 78.Kxe4 Rf7
79.c6 Re7+ 80.Kd4 Bb3 81.Rd8 Rf7 82.Rd7+  1-0

[Event "ch-HUN U20 g 2013"]
[Site "Budapest HUN"]
[Date "2013.02.04"]
[Round "1.5"]
[White "Juhasz,Ba"]
[Black "Varga,Kl"]
[Result "1/2-1/2"]
[WhiteElo "2099"]
[BlackElo "2207"]

1.e4 e6 2.d4 d5 3.Nd2 Nc6 4.Ngf3 Nf6 5.e5 Nd7 6.Bb5 a6 7.Ba4 b5 8.Bb3 Na5
9.c3 Nxb3 10.axb3 c5 11.dxc5 Nxc5 12.Qe2 Bb7 13.b4 Na4 14.Nb3 Qc7 15.Be3 Rc8
16.Bd4 Ba8 17.Na5 Be7 18.O-O O-O 19.Rfe1 Bd8 20.Nb3 Be7 21.Nc1 Rfe8 22.Nd3 Bb7
23.Qe3 Bd8 24.b3 Nb6 25.g4  1/2-1/2

[Event "ch-TUR 2013"]
[Site "Antalya TUR"]
[Date "2013.02.05"]
[Round "5.74"]
[White "Demirag,Batuhan"]
[Black "Nailer,Ali"]
[Result "1/2-1/2"]
[WhiteElo "1704"]
[BlackElo "1878"]

1.e4 e6 2.d4 d5 3.Nd2 Nc6 4.Ngf3 Nf6 5.e5 Nd7 6.Bd3 Nb4 7.Nf1 Nxd3+ 8.Qxd3 c5
9.c3 cxd4 10.cxd4 f6 11.exf6 Nxf6 12.Ng3 Bb4+ 13.Bd2 Bxd2+ 14.Qxd2 Bd7 15.O-O O-O
16.Rfe1 Rc8 17.Ne5 Be8 18.Re3 Nd7 19.Rae1 Nxe5 20.Rxe5 Bf7 21.b3 Rc6 22.Nf1 Qc7
23.Ne3 Rc8 24.h3 Rc1 25.Ng4 Rxe1+ 26.Rxe1 Qc3 27.Re2 Qxd2 28.Rxd2 Kf8 29.f3 Ke7
30.Kf2 Bg6 31.Ne5 Bf5 32.g4 Rc2 33.Rxc2 Bxc2 34.Ke3 Bb1 35.Kd2 Bxa2 36.Kc2 Kf6
37.Kb2 Bxb3 38.Kxb3 Kg5 39.Nd3 b6 40.Kb4 a6 41.Kc3 a5 42.Kb3 g6 43.Kc3 h5
44.gxh5 gxh5 45.Kb3 h4 46.Ka4 Kf5 47.Kb5 Kg5 48.Ka4 Kf5 49.Kb5 Kg5 50.Ka4  1/2-1/2

[Event "ch-TUR 2013"]
[Site "Antalya TUR"]
[Date "2013.02.05"]
[Round "6.47"]
[White "Saba,Zafer Rabin"]
[Black "Ceylan,M"]
[Result "1/2-1/2"]
[WhiteElo "1793"]
[BlackElo "1915"]

1.e4 e6 2.d4 d5 3.Nd2 a6 4.Ngf3 Nf6 5.exd5 exd5 6.Bd3 Bg4 7.O-O Be7 8.Re1 O-O
9.h3 Bh5 10.Nf1 Nbd7 11.Ng3 Bg6 12.Nf5 Ne4 13.Nxe7+ Qxe7 14.c4 c6 15.cxd5 cxd5
16.Qb3 Ndf6 17.Ne5 Qc7 18.Bf4 Qa5 19.f3 Nh5 20.Nxg6 hxg6 21.Bh2 Neg3 22.Bxg3 Nxg3
23.Rad1 Rae8 24.Rxe8 Rxe8 25.Kf2 Nh5 26.Qxb7 Qa4 27.Be2 Nf4 28.Rd2 Nxe2 29.Rxe2 Qxd4+
30.Ke1 Qg1+ 31.Kd2 Rxe2+ 32.Kxe2 Qxg2+ 33.Ke3 Qg1+ 34.Ke2 Qg2+ 35.Ke3 Qg5+
36.Ke2 Qe5+ 37.Kf2 d4 38.Qa8+ Kh7 39.Qe4 Qh2+ 40.Ke1 Qg1+ 41.Ke2 f6 42.b4 f5
43.Qh4+ Kg8 44.Qd8+ Kf7 45.Qd7+ Kf6 46.Qd8+ Ke5 47.Qe7+ Kf4 48.Qh4+ Ke5 49.Qe7+ Kd5
50.Qc5+ Ke6 51.Qc6+ Ke5 52.Qc7+ Kf6 53.Qd8+ Ke5  1/2-1/2

[Event "ch-TUR 2013"]
[Site "Antalya TUR"]
[Date "2013.02.06"]
[Round "7.79"]
[White "Isik,R"]
[Black "Babek,A"]
[Result "0-1"]
[WhiteElo "1695"]
[BlackElo "1817"]

1.e4 e6 2.d4 d5 3.Nd2 Nc6 4.Ngf3 Nf6 5.e5 Nd7 6.c3 f6 7.exf6 Qxf6 8.Nb3 Bd6
9.Bg5 Qf7 10.Bd3 O-O 11.Qc2 Qh5 12.Nbd2 e5 13.Qb3 Nb6 14.Be3 exd4 15.Nxd4 Nxd4
16.cxd4 a5 17.a3 a4 18.Qc2 Bg4 19.h3 Rae8 20.Nf1 Bd7 21.Be2 Qf7 22.O-O-O Nc4
23.g4 Kh8 24.Kb1 b5 25.Bd3 Qg8 26.Rc1 Rb8 27.Ka1 b4 28.Bxc4 bxa3 29.bxa3 dxc4
30.Nd2 Bxa3 31.Rb1 Be6 32.Qc3 Bd6 33.Rhc1 a3 34.h4 Rb3 35.Qc2 Rb2 36.Qc3 Bb4
37.Qxb4 Rxb4 38.Rxb4 Rb8 39.Ra4 a2 40.h5 h6 41.g5 Qe8 42.Ra6 Qb5 43.Rxa2 c3
44.Rb1 cxd2  0-1

[Event "ch-TUR 2013"]
[Site "Antalya TUR"]
[Date "2013.02.07"]
[Round "9.19"]
[White "Ceylan,M"]
[Black "Dogan,A"]
[Result "0-1"]
[WhiteElo "1915"]
[BlackElo "2166"]

1.e4 e6 2.d4 d5 3.Nd2 Be7 4.e5 c5 5.c3 Nc6 6.Ndf3 cxd4 7.cxd4 Bb4+ 8.Bd2 Qb6
9.a3 Bxd2+ 10.Qxd2 Bd7 11.b4 a6 12.Ne2 f6 13.Nc1 fxe5 14.dxe5 Nh6 15.h3 Nf7
16.Nd3 O-O 17.Qb2 Rac8 18.Be2 Na7 19.O-O Rc4 20.Rac1 Rfc8 21.Rxc4 dxc4 22.Nf4 c3
23.Qb3 Nb5 24.Bd3 Nd4 25.Nxd4 Qxd4 26.Nxe6 Qxd3 27.Nc5 Qe2 28.Rc1 Qb2 29.Rxc3 Qxb3
30.Rxb3 Nxe5 31.f4 b6 32.Nxd7 Nxd7 33.Rd3 Rc7 34.Kf2 Kf7 35.Kf3 Ke6 36.Re3+ Kd6
37.Rd3+ Ke7 38.Re3+ Kf7 39.Rd3 Ke8 40.g4 Rc1 41.g5 g6 42.Kg4 Rc4 43.Kg3 Ke7
44.Re3+ Kd8 45.Rd3 Rc6 46.Kg4 Ke7 47.Re3+ Re6 48.Rc3 Kd8 49.Rd3 Re4 50.Kf3 Re8
51.Kg4 Rf8 52.h4 Rf7 53.Rd4 Kc7 54.h5 Nf8 55.hxg6 hxg6 56.Re4 Kd7 57.Rd4+ Ke7
58.a4 Ne6 59.Re4 Kd6 60.Kg3 Rf5 61.Re1 Nxf4 62.Re8 Ne6 63.Ra8 Rxg5+ 64.Kf3 Nc7
65.Rd8+ Kc6 66.Rg8 Nd5  0-1

[Event "ch-TUR 2013"]
[Site "Antalya TUR"]
[Date "2013.02.09"]
[Round "11.68"]
[White "Bircan,Selim"]
[Black "Sehitogullari,Halil"]
[Result "1-0"]
[WhiteElo "1975"]
[BlackElo "1751"]

1.e4 e6 2.d4 d5 3.Nd2 Nc6 4.Ngf3 Nf6 5.e5 Nd7 6.c3 f6 7.exf6 Nxf6 8.Bd3 Bd6
9.O-O O-O 10.Re1 Qe8 11.Nf1 Bd7 12.Ng3 Bxg3 13.hxg3 Qh5 14.Bf4 Rac8 15.Ne5 Qe8
16.Qe2 Nxe5 17.Bxe5 Qf7 18.Rf1 a6 19.Rae1 Qh5 20.f3 Qh6 21.Bf4 g5 22.Be5 Be8
23.g4 Bg6 24.Bxg6 Qxg6 25.Qd2 h5 26.Bxf6 Rxf6 27.Re5 Kf8 28.gxh5 Qxh5 29.Qxg5 Qxg5
30.Rxg5 Kf7 31.Rh5 Kg7 32.g4 Rcf8 33.Kg2 Kg6 34.Rh3 Rf4 35.Re1 R8f6 36.Re5 c6
37.Reh5 Rf7 38.Rh6+ Kg7 39.Rxe6 Kf8 40.Re3 R4f6 41.Rh8+ Kg7 42.Ree8 Rf4 43.Reg8+ Kf6
44.Rf8 Ke7 45.Rxf7+ Rxf7 46.Rh1 Kf6 47.Re1 Kg6 48.Re6+ Kg7 49.Kg3 Rc7 50.f4 Kf7
51.Re5 Kg7 52.g5 Kf7 53.f5  1-0

[Event "35th Georgi Tringov Open"]
[Site "Plovdiv BUL"]
[Date "2013.02.09"]
[Round "8.15"]
[White "Bunis,V"]
[Black "Badev,K"]
[Result "1-0"]
[WhiteElo "2253"]
[BlackElo "2394"]

1.e4 e6 2.d4 d5 3.Nd2 Nc6 4.Ngf3 Nf6 5.e5 Nd7 6.c3 f6 7.Bb5 fxe5 8.dxe5 a6
9.Bxc6 bxc6 10.O-O Be7 11.Nb3 O-O 12.Nbd4 Nb8 13.b4 c5 14.bxc5 Bxc5 15.Ng5 Qe8
16.Qd3 g6 17.Qh3 Qe7 18.Ngf3 Qd7 19.Bh6 Re8 20.Qg3 Bf8 21.Bxf8 Rxf8 22.Ng5 Qe7
23.h4 c5 24.Nc2 Nd7 25.Ne3 h6 26.Nh3 Qg7 27.f4 Bb7 28.Rab1 Bc6 29.Qg4 Rae8
30.Qe2 Bb5 31.c4 dxc4 32.Qc2 Nb6 33.Ng4 Rd8 34.Nf6+ Rxf6 35.exf6 Qxf6 36.Rfe1 Rd4
37.Qe2 c3 38.Qf3 Nd5 39.Rbc1 Bd3 40.Nf2 c4 41.g3 Qf5 42.Re5 Qf7 43.Ng4 Kg7
44.Qf2 Qa7 45.Rxe6 Bf5 46.Re5 c2 47.Rxd5  1-0

[Event "ch-CUB Men Final 2013"]
[Site "Santa Clara CUB"]
[Date "2013.02.09"]
[Round "3.2"]
[White "Bacallao Alonso,Y"]
[Black "Hernandez Carmenates,Hold"]
[Result "0-1"]
[WhiteElo "2543"]
[BlackElo "2541"]

1.e4 e6 2.d4 d5 3.Nd2 Nc6 4.Ngf3 Nf6 5.e5 Nd7 6.Bb5 a6 7.Bxc6 bxc6 8.O-O c5
9.c4 Bb7 10.Qa4 cxd4 11.Nxd4 c5 12.Nc6 Qc7 13.cxd5 Nb6 14.Qa3 exd5 15.Na5 Be7
16.Qg3 O-O 17.Nf3 Rfe8 18.Bf4 Na4 19.Nxb7 Qxb7 20.Rfe1 Bf8 21.b3 Nb6 22.h4 Qd7
23.Rad1 Qf5 24.Bg5 Re6 25.b4 h6 26.bxc5 Bxc5 27.Be3 Bxe3 28.Rxe3 Rg6 29.Nd4 Qh5
30.Qf3 Qxh4 31.Rc3 Qe4 32.Qxe4 dxe4 33.Nf5 Rg5 34.Ne7+ Kf8 35.Nc6 Rc8 36.Rd6 Rg6
37.Rxg6 fxg6 38.Kf1 Kf7 39.Rc5 Na4 40.Rc2 Nb6 41.Rc5 Ke8 42.e6 Rc7 43.Ke2 Nc8
44.Rc2 Ne7 45.Nd4 Rxc2+ 46.Nxc2 Nd5 47.Nd4 Ke7 48.Nb3 Kd6 49.g3 Nc3+ 50.Ke3 Nxa2
51.Nc5 Nb4 52.e7 Kxe7 53.Kxe4 Kd6 54.Nb7+ Kc6 55.Nd8+ Kc5 56.f4 a5 57.Nb7+ Kb6
58.Nd6 Kc6 59.Nc4 a4 60.Kd4 Nd5 61.Na5+ Kb5 62.Nc4 Nb6 63.Ne5 Kb4 64.Nd3+ Kb3
65.Nc5+ Kc2  0-1

[Event "ch-CUB Men Final 2013"]
[Site "Santa Clara CUB"]
[Date "2013.02.11"]
[Round "5.1"]
[White "Bacallao Alonso,Y"]
[Black "Quesada Vera,L"]
[Result "1-0"]
[WhiteElo "2543"]
[BlackElo "2448"]

1.e4 e6 2.d4 d5 3.Nd2 Be7 4.Bd3 c5 5.dxc5 Nf6 6.Qe2 Nc6 7.a3 O-O 8.Ngf3 Bxc5
9.O-O Bb6 10.c4 Ng4 11.h3 dxe4 12.Nxe4 Nge5 13.Nxe5 Nxe5 14.Bc2 Nc6 15.c5 Nd4
16.Qc4 Nxc2 17.Qxc2 Bc7 18.Ng5 f5 19.Qc4 Qd5 20.Qxd5 exd5 21.Rd1 Rd8 22.Nf3 h6
23.b4 Be6 24.Bb2 g6 25.Be5 Bxe5 26.Nxe5 Kg7 27.Rac1 Kf6 28.f4 g5 29.c6 bxc6
30.Rxc6 Rac8 31.Ra6 Rc7 32.Re1 Rb8 33.Nd7+ Rxd7 34.Rexe6+ Kg7 35.Rg6+ Kh7
36.Rxh6+ Kg7 37.Rag6+ Kf7 38.Rxg5 Rdd8 39.Rh7+ Kf6 40.Rgh5  1-0

[Event "2nd Santa Catarina Masters"]
[Site "Blumenau BRA"]
[Date "2013.02.12"]
[Round "2.4"]
[White "Bueno,Alfe"]
[Black "Gallo Ponce,E"]
[Result "1/2-1/2"]
[WhiteElo "2306"]
[BlackElo "2259"]

1.e4 e6 2.d4 d5 3.Nd2 Be7 4.Ngf3 Nf6 5.Bd3 c5 6.dxc5 dxe4 7.Nxe4 Nxe4 8.Bxe4 Qxd1+
9.Kxd1 Bxc5 10.Ke2 Nd7 11.Be3 Bxe3 12.Kxe3 Nf6 13.Rad1 O-O 14.Rd6 Nxe4 15.Kxe4 b5
16.Rhd1 Bb7+ 17.Ke3 Bd5 18.g3 Rfc8 19.Nd4 a6 20.f4 g6 21.c3 Kf8 22.Rb6 Ke8
23.Ra1 Kd7 24.a4 Kc7 25.a5 Kd7 26.Rd1 Ke8 27.Rd2 Rcb8 28.Rxb8+ Rxb8 29.Nc2 Ke7
30.Nb4 Bb7 31.Nd3 Rc8 32.Kd4 Rc4+ 33.Ke3 f6 34.Rc2 Re4+ 35.Kf2 Rc4 36.b3 Rc7
37.Ke3 h6 38.b4 Rc4 39.Nc5 Bc8 40.Kd3 g5 41.Rf2 e5 42.fxe5 fxe5 43.Rf3 Rxc5
44.bxc5 e4+ 45.Kxe4 Bb7+ 46.Ke3 Bxf3 47.Kxf3 Kd7 48.Kg4 Kc6 49.Kh5 Kxc5 50.Kxh6 Kc4
51.Kxg5 Kxc3 52.h4 b4 53.h5 b3 54.h6 b2 55.h7 b1=Q 56.h8=Q+ Kd2 57.Qd4+ Ke2
58.Qc4+ Kf2 59.Qxa6 Kxg3 60.Qd6+ Kg2 61.a6 Qc1+ 62.Kg6 Qc2+ 63.Kh6 Qf2 64.Qg6+ Kh2
65.Qd6+ Kg2 66.Qc6+ Kh2 67.Qc7+ Kh1 68.Qb7+ Kg1 69.Qg7+ Kh1 70.a7 Qf4+ 71.Kh7 Qe4+
72.Kh6 Qe3+ 73.Kg6 Qe4+ 74.Kh5 Qf3+ 75.Kg5 Qg3+ 76.Kf6 Qf4+ 77.Ke6 Qe3+ 78.Kd5 Qf3+
79.Kc5 Qa3+ 80.Kb6 Qb3+ 81.Kc6 Qc4+ 82.Kb7 Qd5+ 83.Kc7 Qc5+ 84.Kb8 Qb6+ 85.Kc8 Qc6+
86.Kb8 Qd6+ 87.Qc7 Qf8+ 88.Qc8 Qd6+ 89.Ka8 Kg1 90.Qg4+ Kh1 91.Qe4+ Kg1 92.Kb7 Qd7+
93.Kb6 Qd8+ 94.Ka6 Qd6+ 95.Kb5  1/2-1/2

[Event "Horodok-800 years IM"]
[Site "Horodok UKR"]
[Date "2013.02.12"]
[Round "2"]
[White "Vetoshko,V"]
[Black "Osmak,Iulija"]
[Result "1/2-1/2"]
[WhiteElo "2277"]
[BlackElo "2180"]

1.e4 e6 2.d4 d5 3.Nd2 Nc6 4.Ngf3 Nf6 5.e5 Nd7 6.c4 dxc4 7.Nxc4 b5 8.Ne3 a6
9.Bd3 Bb7 10.Be4 Be7 11.a3 Na5 12.Bxb7 Nxb7 13.Qc2 c5 14.Qe4 Na5 15.d5 exd5
16.Nxd5 O-O 17.Bf4 c4 18.Nxe7+ Qxe7 19.Ng5 g6 20.O-O Nc5 21.Qe3 Ne6 22.Nxe6 fxe6
23.Bg5 Qa7 24.Qxa7 Rxa7 25.Rad1 Nc6 26.f4 Kf7 27.Rd6 Ne7 28.g4 Nc8 29.Rd2 Nb6
30.f5 gxf5 31.gxf5 Rg8 32.fxe6+ Kxe6 33.Rf6+ Kxe5 34.h4 Nd5 35.Re2+ Kd4 36.Rd2+ Kc5
37.Rf5 Rd7 38.Kh2 Kc6 39.Re2 Rg6 40.h5 Rgd6 41.Re8 h6 42.Bc1 Re7 43.Rxe7 Nxe7
44.Rf7 Re6 45.Kh3 Kd5 46.Rh7 Nf5 47.Kg4 Ke4 48.Rf7 Nd4 49.Rg7 Nf3 50.Kg3 Nd4
51.Rg6 Rxg6+ 52.hxg6 Ke5 53.Bd2 Nf5+ 54.Kg4 Kf6 55.Kh5 Ke6 56.Kg4 Kf6 57.Kh5 Ke6
58.Bxh6 Ng3+ 59.Kg4 Ne4 60.Bg7 a5 61.Kf3 Nd6 62.Bc3 Nb7 63.g7 Kf7 64.Ke4 b4
65.axb4 axb4 66.Bxb4  1/2-1/2

[Event "Novy Bor Open A 2013"]
[Site "Novy Bor CZE"]
[Date "2013.02.13"]
[Round "5"]
[White "Bores,R"]
[Black "Vavrinec,T"]
[Result "1/2-1/2"]
[WhiteElo "2163"]
[BlackElo "2018"]

1.e4 e6 2.d4 d5 3.Nd2 Be7 4.c3 c5 5.Ngf3 Nf6 6.exd5 Qxd5 7.Bc4 Qd6 8.Nb3 Nbd7
9.O-O O-O 10.Re1 b6 11.Bg5 Bb7 12.Qe2 cxd4 13.Nbxd4 Nc5 14.Rad1 Qc7 15.Nf5 Bd8
16.Nd6 Nce4 17.Nxb7 Nxg5 18.Nxg5 Qxb7 19.Rd3  1/2-1/2

[Event "Novy Bor Open A 2013"]
[Site "Novy Bor CZE"]
[Date "2013.02.14"]
[Round "7"]
[White "Machan,J"]
[Black "Vavrinec,T"]
[Result "1-0"]
[WhiteElo "2094"]
[BlackElo "2018"]

1.e4 e6 2.d4 d5 3.Nd2 Nc6 4.c3 e5 5.dxe5 Nxe5 6.Ndf3 Nxf3+ 7.Nxf3 Nf6 8.exd5 Qxd5
9.Qxd5 Nxd5 10.Bc4 Nf6 11.Bb3 Bd6 12.O-O O-O 13.Re1 Bg4 14.Nd4 Rfe8 15.Be3 c6
16.f3 Bd7 17.Rad1 Bc5 18.Kf2 h6 19.Nc2 Bxe3+ 20.Nxe3 Be6 21.Bxe6 Rxe6 22.Nf5 Rxe1
23.Kxe1 Re8+ 24.Kf2 Kf8 25.Rd4 h5 26.Nd6 Re7 27.Ne4 Rd7 28.Nc5 Rc7 29.g4 hxg4
30.fxg4 Ke7 31.h4 Nd5 32.c4 Nf6 33.Kf3 b6 34.Ne4 Nxe4 35.Kxe4 Ke6 36.h5 f6
37.Kf4 Rf7 38.b4 Rc7 39.c5 bxc5 40.bxc5 Rd7 41.Rxd7 Kxd7 42.Kf5 Ke7 43.Kg6  1-0

[Event "TCh-CZE Extraliga 2012-13"]
[Site "Czech Republic CZE"]
[Date "2013.02.16"]
[Round "5.5"]
[White "Svoboda,V2"]
[Black "Hausner,I"]
[Result "1-0"]
[WhiteElo "2376"]
[BlackElo "2407"]

1.e4 e6 2.d4 d5 3.Nd2 Be7 4.Bd3 c5 5.dxc5 Nf6 6.Qe2 Nc6 7.c3 Bxc5 8.Ngf3 O-O
9.O-O Be7 10.Re1 dxe4 11.Nxe4 Qc7 12.Nfg5 g6 13.Qf3 Nxe4 14.Nxe4 f5 15.Ng5 Bd6
16.Qh3 Ne5 17.Bf4 Nf3+ 18.Qxf3 Bxf4 19.Nxe6 Bxe6 20.Rxe6 Rae8 21.Rxe8 Rxe8
22.g3 Bg5 23.Qd5+ Kg7 24.Qd4+ Bf6 25.Qxa7 h5 26.Qa4 Re7 27.Rd1 h4 28.Bf1 Qb6
29.Qb5 Qe6 30.Qc4 Qb6 31.Rd2 hxg3 32.hxg3 Be5 33.Re2 Bf6 34.Rxe7+ Bxe7 35.b4 Qd6
36.a4 b6 37.a5 bxa5 38.bxa5 Bd8 39.Qb5 Kh6 40.c4 f4 41.gxf4 Qxf4 42.Qd5 Bc7
43.Qh1+ Kg7 44.a6 Qd4 45.Qd5 Bb6 46.Qxd4+ Bxd4 47.Kg2 Kf6 48.Bd3 g5 49.Kg3 Ke5
50.f3 Kf6 51.Kg4 Ba7 52.Kh5 Be3 53.Be4 Bc5 54.Kh6 Ba7 55.Bd5 Be3 56.Kh7 Ba7
57.Kg8 Ke7 58.Kg7 Be3 59.Kg6 Kd6 60.Kf5 Kc7 61.c5 Bxc5 62.Kxg5 Kd6 63.Bb7 Ke6
64.f4 Bd4 65.Kg6 Bc5 66.f5+ Ke7 67.f6+ Kf8 68.Kf5  1-0

[Event "Horodok-800 years IM"]
[Site "Horodok UKR"]
[Date "2013.02.17"]
[Round "9"]
[White "Chulivska,V"]
[Black "Osmak,Iulija"]
[Result "0-1"]
[WhiteElo "2253"]
[BlackElo "2180"]

1.e4 e6 2.d4 d5 3.Nd2 Nc6 4.Ngf3 Nf6 5.e5 Nd7 6.c3 f6 7.exf6 Qxf6 8.Bd3 Bd6
9.Nf1 e5 10.Bg5 Qf7 11.Bc2 e4 12.N3d2 Nf6 13.Ne3 Be6 14.O-O O-O-O 15.b4 Ne7
16.Bh4 Nh5 17.Bg3 Nxg3 18.fxg3 Qg6 19.b5 Nf5 20.Qe2 Nxg3 21.Qe1 Nxf1 22.Ndxf1 Rhf8
23.a4 Rf6 24.a5 Rdf8 25.b6 a6 26.bxc7 Rf2 27.Qxf2 Rxf2 28.Kxf2 Bxc7 29.Kg1 Qg5
30.Bb3 h5 31.c4 dxc4 32.Bxc4 Bxc4 33.Nxc4 Qd5 34.Nfe3 Qxd4 35.Rd1 Qc3 36.Rf1 Kb8
37.Rf5 g6 38.Rf8+ Ka7 39.g3 Bxa5 40.Kg2 Bb4 41.Rf7 Bc5  0-1

[Event "US Amateur Team East 2013"]
[Site "Parsippany USA"]
[Date "2013.02.17"]
[Round "3"]
[White "Benjamin,Joe"]
[Black "Markzon,G"]
[Result "1-0"]
[WhiteElo "2530"]
[BlackElo "2193"]

1.e4 e6 2.d4 d5 3.Nd2 Nc6 4.Ngf3 Nf6 5.e5 Nd7 6.Bd3 Nb4 7.Be2 c5 8.c3 Nc6
9.Bd3 f5 10.O-O Nb6 11.dxc5 Bxc5 12.b4 Be7 13.Nb3 O-O 14.a4 Nc4 15.Qe2 Bd7
16.Rd1 Rc8 17.Bxc4 dxc4 18.Nbd2 Qc7 19.Nxc4 Nb8 20.Nd6 Bxd6 21.exd6 Qxc3
22.Bg5 Qxb4 23.Be7 Rfe8 24.Ne5 Qc3 25.Nxd7  1-0

[Event "ch-ROU 2013"]
[Site "Baile Olanesti ROU"]
[Date "2013.02.18"]
[Round "3.33"]
[White "Manole,S"]
[Black "Tiron,C"]
[Result "1-0"]
[WhiteElo "2126"]
[BlackElo "1906"]

1.e4 e6 2.d4 d5 3.Nd2 Nc6 4.Ngf3 Nf6 5.e5 Nd7 6.c3 f6 7.exf6 Qxf6 8.Bd3 Bd6
9.Qc2 e5 10.O-O e4 11.Bxe4 dxe4 12.Nxe4 Qg6 13.Nxd6+ cxd6 14.Re1+ Kd8 15.Qxg6 hxg6
16.Ng5 Kc7 17.Bf4 Nf6 18.Bxd6+ Kb6 19.Nf7 Re8 20.Ne5 Bf5 21.a4 Nxe5 22.Bxe5 Bc2
23.a5+ Kc6 24.Rac1 Bf5 25.c4 Rac8 26.f4 Kd7 27.h3 Re6 28.Re3 Rec6 29.g4 Be6
30.b3 Bf7 31.Rce1 Re6 32.Kg2 Rh8 33.d5 Ree8 34.b4 Rhf8 35.Kf3 Rh8 36.Ke2 Rc8
37.Kd3 Rhe8 38.Kd4 Re7 39.g5 Nh5 40.a6 b6 41.c5 bxc5+ 42.bxc5 Bg8 43.c6+ Kd8
44.Rb1 Bxd5 45.Kxd5 Ke8 46.Rb7 Rd8+ 47.Kc5 Rd1 48.c7 Rc1+ 49.Bc3  1-0

[Event "ch-ROU 2013"]
[Site "Baile Olanesti ROU"]
[Date "2013.02.19"]
[Round "5.13"]
[White "Martian,D"]
[Black "Stanciu,Al"]
[Result "1/2-1/2"]
[WhiteElo "2145"]
[BlackElo "2383"]

1.e4 e6 2.d4 d5 3.Nd2 a6 4.Ngf3 Nf6 5.Bd3 c5 6.c3 cxd4 7.cxd4 dxe4 8.Nxe4 Nxe4
9.Bxe4 Bb4+ 10.Bd2 Bxd2+ 11.Qxd2 Nd7 12.Qb4 Nf6 13.Bxb7 Bxb7 14.Qxb7 O-O
15.O-O Qd6 16.Qb3 Rab8 17.Qc3 Ne4 18.Qd3 f5 19.Rab1 Rfc8 20.h3 h6 21.Ne5 Rb4
22.Rfd1 Qb6 23.Nd7 Qd6 24.Nc5 Nxc5 25.dxc5 Qxd3 26.Rxd3 Rxc5 27.Rd6 Ra5 28.Rxe6  1/2-1/2

[Event "e2e4 Brighton Masters 2013"]
[Site "Brighton ENG"]
[Date "2013.02.20"]
[Round "8"]
[White "Player,E"]
[Black "Seymour,T"]
[Result "1-0"]
[WhiteElo "2248"]
[BlackElo "2112"]

1.e4 e6 2.d4 d5 3.Nd2 Be7 4.e5 c5 5.Qg4 Kf8 6.Ndf3 Nc6 7.Bd3 Qc7 8.Qf4 Nb4
9.dxc5 Bxc5 10.Ne2 Ne7 11.O-O Ng6 12.Qg3 Bd7 13.Be3 b6 14.h4 Rc8 15.h5 Ne7
16.Qf4 h6 17.a3 Nxd3 18.cxd3 Nc6 19.Rac1 Be7 20.Ned4 Kg8 21.Rc2 Qb8 22.Rfc1 Nd8
23.Rxc8 Bxc8 24.Nb5 Ba6 25.Qa4 Bxb5 26.Qxb5 Qb7 27.a4 Kf8 28.a5 bxa5 29.Qxa5 f5
30.Qxa7 Qxb2 31.Rc7 Qa3 32.Rxe7 Qxe7 33.Bc5  1-0

[Event "ch-ROU 2013"]
[Site "Baile Olanesti ROU"]
[Date "2013.02.22"]
[Round "9.45"]
[White "Ciocan,Maria-Alexandra"]
[Black "Tiron,C"]
[Result "0-1"]
[WhiteElo "1575"]
[BlackElo "1906"]

1.e4 e6 2.d4 d5 3.Nd2 Nc6 4.Ngf3 Nf6 5.e5 Nd7 6.Bd3 Nb4 7.Nb3 Nxd3+ 8.Qxd3 c5
9.dxc5 Qc7 10.Be3 Bxc5 11.Nxc5 Nxc5 12.Qc3 b6 13.O-O Ba6 14.Rfe1 Rc8 15.Qa3 Bb5
16.Qb4 Bd7 17.Rad1 Nb7 18.c3 Qc4 19.Qxc4 Rxc4 20.Rd4 Rc7 21.Rg4 g6 22.Bg5 Nc5
23.Bf6 Rg8 24.c4 Nd3 25.Re2 Rxc4 26.Rxc4 dxc4 27.Rc2 b5 28.Ng5 Bc6 29.Nxh7 Nb4
30.Rd2 Nd5 31.Rc2 a5 32.b3 c3 33.Kf1 b4 34.Ke1 Bb5 35.Kd1 a4 36.Kc1 Bd3 37.bxa4 Bxc2
38.Kxc2 Kd7 39.Ng5 Ra8 40.Kb3 Rxa4 41.Ne4 Ra3+  0-1

[Event "29th Open"]
[Site "Cappelle la Grande FRA"]
[Date "2013.02.23"]
[Round "1.69"]
[White "Daulyte,D"]
[Black "Stella,A"]
[Result "0-1"]
[WhiteElo "2262"]
[BlackElo "2477"]

1.e4 e6 2.d4 d5 3.Nd2 Nc6 4.Ngf3 Nf6 5.e5 Nd7 6.Nb3 a5 7.a4 Be7 8.Bb5 Na7
9.Bd3 b6 10.O-O c5 11.c4 Bb7 12.Bf4 O-O 13.Qc2 h6 14.cxd5 Bxd5 15.Be4 Nc6
16.Bxd5 Nb4 17.Qe4 Nxd5 18.Rfd1 c4 19.Nc1 c3 20.b3 b5 21.axb5 Qb6 22.Ne1 f5
23.exf6 N7xf6 24.Qf3 Nh7 25.g3 g5 26.Ned3 gxf4 27.Qg4+ Ng5 28.gxf4 Nxf4 29.h4 c2
30.Re1 h5 31.Qg3 Nh3+ 32.Kh1 Bd6 33.f4 Qb7+ 34.Qg2 Qxg2+ 35.Kxg2 Nxf4+ 36.Nxf4 Rxf4
37.hxg5 Raf8 38.Ne2 Rg4+ 39.Kh1 Rh4+ 40.Kg1 Rg4+ 41.Kh1 Rf2  0-1

[Event "4NCL 2012-13"]
[Site "Staverton ENG"]
[Date "2013.02.23"]
[Round "5.163"]
[White "Adair,J"]
[Black "Pert,R"]
[Result "1/2-1/2"]
[WhiteElo "2297"]
[BlackElo "2454"]

1.e4 e6 2.d4 d5 3.Nd2 Be7 4.Bd3 c5 5.dxc5 Nf6 6.Qe2 O-O 7.Ngf3 a5 8.O-O Na6
9.e5 Nd7 10.c3 Naxc5 11.Bc2 b6 12.Re1 f6 13.exf6 Bxf6 14.Nb3 Ba6 15.Qe3 Qe8
16.Nxc5 Nxc5 17.Ne5 Bxe5 18.Qxe5 Bd3 19.Bd1 Bg6 20.Be2 Qb8 21.Qd4 Qd6 22.c4 Rae8
23.Be3 Be4 24.f3 Bg6 25.Rad1 Qc7 26.Qc3 dxc4 27.Bxc4 Kh8 28.Bb5 Rd8 29.Bg5 Rxd1
30.Rxd1 Qf7 31.Qe5 h5 32.Rd6 Kh7 33.Be3 Qc7 34.Bxc5 Rf5 35.Qd4 bxc5 36.Qd2 c4
37.a4 Qc5+ 38.Qd4 Qb4 39.Rxe6 Rf6 40.Re5 Qb3 41.Bxc4 Qb4 42.Rb5 Qe1+ 43.Bf1 Re6
44.Rb7 Re7 45.Rxe7 Qxe7 46.h3 Qe1 47.f4 Bc2 48.Qc5 Qd1 49.Qc3 h4 50.Kf2 Bg6
51.Be2 Qxa4 52.Bc4 Qd1 53.Bb3 Qb1 54.Bd5 Bd3 55.Ke3 Bg6 56.Kd4 Qg1+ 57.Ke5 Qb6
58.Bc6 Qc7+ 59.Kd5 Qxf4 60.Kc5 Qg5+  1/2-1/2

[Event "I Montcada Closed"]
[Site "Montcada i Reixac ESP"]
[Date "2013.02.24"]
[Round "4.2"]
[White "Asis Gargatagli,H"]
[Black "Herraiz Hidalgo,H"]
[Result "1/2-1/2"]
[WhiteElo "2456"]
[BlackElo "2476"]

1.e4 e6 2.d4 d5 3.Nd2 Be7 4.Ngf3 Nf6 5.Bd3 c5 6.e5 Nfd7 7.c3 Nc6 8.O-O a5
9.Re1 a4 10.Nb1 cxd4  1/2-1/2

[Event "Reykjavik Open 2013"]
[Site "Reykjavik ISL"]
[Date "2013.02.24"]
[Round "7.40"]
[White "Thorhallsson,G"]
[Black "Mammadova,G"]
[Result "1-0"]
[WhiteElo "2141"]
[BlackElo "2369"]

1.e4 e6 2.d4 d5 3.Nd2 Nc6 4.Ngf3 Nf6 5.e5 Nd7 6.c3 f6 7.Bb5 fxe5 8.dxe5 Be7
9.Nb3 O-O 10.Bxc6 bxc6 11.Nbd4 Nb8 12.O-O c5 13.Ne2 Qe8 14.Ng3 Nd7 15.Re1 Qg6
16.h3 Rb8 17.Qe2 c4 18.Nd4 Bh4 19.Qg4 Qxg4 20.hxg4 Bxg3 21.fxg3 Nc5 22.Re2 Ne4
23.Bf4 g5 24.Be3 Nxg3 25.Rc2 h6 26.Nc6 Ra8 27.b3 Bd7 28.Nd4 Rf7 29.bxc4 dxc4
30.Rb1 Raf8 31.Rb7 c5 32.Nf3 Ba4 33.Rcb2 Ne2+ 34.Kh2 Nxc3 35.Rxf7 Rxf7 36.Nd2 Bb5
37.Bxc5 a6 38.Nf3 Na4  1-0

[Event "29th Open"]
[Site "Cappelle la Grande FRA"]
[Date "2013.02.25"]
[Round "3.62"]
[White "Janev,E"]
[Black "Donovan,L"]
[Result "1/2-1/2"]
[WhiteElo "2469"]
[BlackElo "2246"]

1.e4 e6 2.d4 d5 3.Nd2 Be7 4.Ngf3 Nf6 5.Bd3 c5 6.exd5 exd5 7.dxc5 Bxc5 8.O-O O-O
9.Nb3 Bb6 10.Nfd4 Nc6 11.c3 Bg4 12.f3 Bh5 13.Be3 Re8 14.Re1 Bg6 15.Bxg6 hxg6
16.Bf2 Qd7 17.Qc2 Ne5 18.Rad1 Rad8 19.Nc1 Nh5 20.Ndb3 Bxf2+ 21.Qxf2 b6 22.Nd4 g5
23.Nd3 Nxd3 24.Rxd3 Nf4 25.Rde3 Kf8 26.h4 gxh4 27.Qxh4 Ng6 28.Qg3 Rxe3 29.Rxe3 Re8
30.Rxe8+ Qxe8 31.Qd6+ Kg8 32.Kf2 Qe5 33.Qxe5 Nxe5 34.Nb5 a5 35.b3 Nc6 36.Ke3 Kf8
37.Nc7 d4+ 38.cxd4 Nb4 39.a4 Nc2+ 40.Ke4 Na1 41.Nd5 Nxb3 42.Nxb6 Ke7 43.Nc4 Ke6
44.Ne3 g6 45.Kd3 f5 46.Kc4 Nc1 47.Nc2 Kd6 48.Na3 Ne2 49.Nb5+ Kc6 50.Nc3 Nf4
51.g3 Nh5 52.Ne2 g5 53.Kc3 Kd5 54.Kd3 Kd6 55.Kc4 Kc6 56.d5+ Kd6 57.Kd4 g4
58.f4 Nf6 59.Nc3 Nh5 60.Nb5+ Kd7 61.Ke5 Nxg3 62.Nd4 Ne4 63.Nxf5 g3 64.Ne3 Nc5
65.f5 Nxa4 66.f6 Nb6 67.d6 g2 68.Nxg2 Nc4+ 69.Kd5 Nxd6 70.Ne3 Ne8  1/2-1/2